000 00618nam a2200205Ii 4500
003 JO-AjNU
008 230605s9999||||xx |||||||||||||| ||und||
040 _aJO-AjNU
_bara
_erda
_cJO-AjNU
041 _aara
050 1 4 _aPQ 2639 .R78 D4512 2005
100 3 _aتروبات ، هنري ,
_eauthor
_924657
245 0 0 _aتحدي اولغا
250 _aط1
264 3 1 _aاللاذقية :دار الحوار للنشر والتوزيع ،2005
300 _a174ص
336 _atext
_btxt
_2rdacontent
337 _aunmediated
_bn
_2rdamedia
338 _avolume
_bnc
_2rdacarrier
650 4 _aروايات
_924658
999 _aA9116
_c12684
_d12684